[Event "Paracin Prestige op"]
[Site "Paracin"]
[Date "2025.01.17"]
[Round "7"]
[White "Kholopov, Alexander A"]
[Black "Vandan, Alankar Sawai"]
[Result "0-1"]
[WhiteElo "2133"]
[BlackElo "2177"]
[PlyCount "54"]
[EventDate "2025.01.11"]
[EventType "swiss"]
[EventRounds "9"]
[EventCountry "SRB"]
[SourceTitle "CB05_2025"]
[SourceDate "2025.01.29"]
[SourceVersion "1"]
[SourceVersionDate "2025.01.29"]
[SourceQuality "1"]

1. d4 d5 2. c4 e6 3. Nf3 Nf6 4. e3 Be7 5. b3 0-0 6. Bb2 c5 7. Bd3 Nc6 8. Nbd2 a5 9. dxc5 Bxc5 10. 0-0 b6 11. a3 d4 12. Ne4 dxe3 13. Nxf6+ gxf6 14. Ng5 exf2+ 15. Kh1 e5 16. Nxh7 f5 17. Qh5 Qd6 18. Bxf5 Bxf5 19. Qxf5 Qg6 20. Nf6+ Kg7 21. Nh5+ Kh6 22. Bc1+ Kh7 23. Qh3 Kg8 24. g4 f5 25. g5 f4 26. Nf6+ Rxf6 27. gxf6 Qg1+ 0-1

[Event "Paracin Prestige op"]
[Site "Paracin"]
[Date "2025.01.14"]
[Round "3"]
[White "Kholopov, Alexander A"]
[Black "Al Saleh, Mohammad"]
[Result "1-0"]
[WhiteElo "2133"]
[BlackElo "2055"]
[PlyCount "77"]
[EventDate "2025.01.11"]
[EventType "swiss"]
[EventRounds "9"]
[EventCountry "SRB"]
[SourceTitle "CB05_2025"]
[SourceDate "2025.01.29"]
[SourceVersion "1"]
[SourceVersionDate "2025.01.29"]
[SourceQuality "1"]

1. d4 Nf6 2. c4 c5 3. d5 b5 4. Nf3 Bb7 5. a4 Qa5+ 6. Bd2 b4 7. Qc2 d6 8. e4 Nbd7 9. Bd3 g6 10. 0-0 Bg7 11. h3 0-0 12. Bg5 e6 13. Nbd2 Rae8 14. Rfe1 e5 15. g4 Kh8 16. Nf1 Bc8 17. Ng3 Ng8 18. Qd2 f6 19. Be3 Ne7 20. Kh2 Qd8 21. Nh4 a5 22. Rad1 Nb6 23. b3 Bd7 24. Rg1 Qc8 25. Rg2 Rf7 26. Rdg1 Ref8 27. Kh1 Qd8 28. Nf3 Qc8 29. Nh4 Ng8 30. f4 Bh6 31. f5 Bxe3 32. Qxe3 g5 33. Nf3 h6 34. h4 Rh7 35. Rh2 Rff7 36. Kg2 Qe8 37. Rgh1 Qe7 38. Nh5 Be8 39. Kg3 1-0

[Event "Paracin Prestige op"]
[Site "Paracin"]
[Date "2025.01.11"]
[Round "1"]
[White "Kholopov, Alexander A"]
[Black "Ivanov, Sergei V"]
[Result "1/2-1/2"]
[WhiteElo "2133"]
[BlackElo "1896"]
[PlyCount "53"]
[EventDate "2025.01.11"]
[EventType "swiss"]
[EventRounds "9"]
[EventCountry "SRB"]
[SourceTitle "CB05_2025"]
[SourceDate "2025.01.29"]
[SourceVersion "1"]
[SourceVersionDate "2025.01.29"]
[SourceQuality "1"]

1. d4 d5 2. c4 e6 3. Nc3 c5 4. cxd5 exd5 5. Nf3 Nc6 6. g3 Nf6 7. Bg2 cxd4 8. Nxd4 Bc5 9. Nb3 Bb6 10. 0-0 d4 11. Na4 0-0 12. Nxb6 axb6 13. Bxc6 bxc6 14. Qxd4 c5 15. Qh4 h6 16. Bd2 Qe8 17. Bxh6 Ra4 18. Bf4 Qxe2 19. f3 Nd5 20. Rf2 Nxf4 21. gxf4 Qe3 22. Nd2 Rxf4 23. Qg3 Rf6 24. Kh1 Rg6 25. Qh4 Rh6 26. Qg3 Rg6 27. Qh4 1/2-1/2

[Event "St Petersburg Korchnoi Memorial op"]
[Site "St Petersburg"]
[Date "2024.08.19"]
[Round "5"]
[White "Kholopov, Alexander A"]
[Black "Vasiljev, Artem"]
[Result "1-0"]
[WhiteElo "2167"]
[BlackElo "1759"]
[PlyCount "67"]
[EventDate "2024.08.17"]
[EventType "swiss"]
[EventRounds "9"]
[EventCountry "RUS"]
[SourceTitle "EXT 2025"]
[Source "ChessBase"]
[SourceDate "2024.10.14"]
[SourceVersion "1"]
[SourceVersionDate "2024.10.14"]
[SourceQuality "1"]

1. d4 d5 2. c4 c6 3. Nf3 e6 4. Qb3 Nf6 5. g3 Be7 6. Bg2 a6 7. 0-0 Nbd7 8. Nc3 b5 9. c5 e5 10. dxe5 Nxc5 11. Qc2 Nfd7 12. b4 Ne6 13. a3 Bb7 14. Rd1 Qb8 15. Bb2 Nb6 16. e4 d4 17. Nxd4 Nxd4 18. Rxd4 Qxe5 19. Na4 Qc7 20. Nxb6 Qxb6 21. Rd2 Bg5 22. Bd4 Qc7 23. f4 Bh6 24. Bc5 Bc8 25. h3 Be6 26. Rad1 f6 27. Rd6 Bc4 28. e5 0-0 29. Bxc6 fxe5 30. Bxa8 Rxa8 31. Rd7 Qc6 32. Rd8+ Rxd8 33. Rxd8+ Kf7 34. Qf5+ 1-0

[Event "St Petersburg Korchnoi Memorial op"]
[Site "St Petersburg"]
[Date "2024.08.18"]
[Round "3"]
[White "Kholopov, Alexander A"]
[Black "Pak, Georgy"]
[Result "0-1"]
[WhiteElo "2167"]
[BlackElo "1819"]
[PlyCount "84"]
[EventDate "2024.08.17"]
[EventType "swiss"]
[EventRounds "9"]
[EventCountry "RUS"]
[SourceTitle "CBM 221 Extra"]
[Source "ChessBase"]
[SourceDate "2024.09.30"]
[SourceVersion "1"]
[SourceVersionDate "2024.09.30"]
[SourceQuality "1"]

1. c4 e5 2. Nc3 Nf6 3. Nf3 e4 4. Ng5 c6 5. d3 d5 6. dxe4 d4 7. e5 dxc3 8. Qxd8+ Kxd8 9. bxc3 Ng4 10. Nxf7+ Ke8 11. Nxh8 Nxe5 12. e4 Be6 13. f4 Nxc4 14. Bd3 Nd7 15. e5 Bg8 16. e6 Bxe6 17. Bxh7 Bc5 18. Kd1 Ke7 19. f5 Bd5 20. Bg5+ Nf6 21. Ng6+ Kf7 22. Bxf6 Kxf6 23. Nf4 Ne3+ 24. Ke2 Be4 25. Ne6 Bb6 26. Nd4 Nxg2 27. Rhg1 Rh8 28. Bg6 Rxh2 29. Raf1 Bd5 30. Kf2 Rh3 31. Rxg2 Rxc3 32. Rg4 Rd3 33. Rb1 Rxd4 34. Rxd4 Bxd4+ 35. Ke2 b5 36. a3 Be5 37. Be8 Kxf5 38. Rc1 Bc4+ 39. Kf2 Kf4 40. Ke1 c5 41. a4 a6 42. axb5 axb5 0-1

[Event "Cheliabinsk Kurnosov Memorial Rapid"]
[Site "Cheliabinsk"]
[Date "2023.09.08"]
[Round "2"]
[White "Kholopov, Alexander A"]
[Black "Pridorozhni, Aleksei"]
[Result "0-1"]
[WhiteElo "2167"]
[BlackElo "2494"]
[PlyCount "80"]
[EventDate "2023.09.08"]
[EventType "swiss (rapid)"]
[EventRounds "11"]
[EventCountry "RUS"]
[SourceTitle "CBM 216 Extra"]
[Source "ChessBase"]
[SourceDate "2023.11.30"]
[SourceVersion "1"]
[SourceVersionDate "2023.11.30"]
[SourceQuality "1"]

1. d4 Nf6 2. c4 e6 3. Nc3 Bb4 4. Qc2 b6 5. e4 c5 6. d5 exd5 7. exd5 0-0 8. Bd3 b5 9. Nge2 bxc4 10. Bxc4 d6 11. 0-0 h6 12. Bf4 Nh5 13. Be3 Nd7 14. Nf4 Nhf6 15. h3 Nb6 16. b3 Re8 17. Rad1 Nxc4 18. bxc4 Ba6 19. Nb5 Bxb5 20. cxb5 Qa5 21. a4 a6 22. bxa6 Qxa6 23. Ra1 g5 24. Qf5 Kg7 25. Nd3 Qc8 26. Qf3 Ba5 27. h4 Qg4 28. hxg5 Qxf3 29. gxh6+ Kh7 30. gxf3 Nxd5 31. Bc1 c4 32. Nf4 Rg8+ 33. Kh1 Bc3 34. Ra3 Ra5 35. Rg1 Rxg1+ 36. Kxg1 Bb4 37. Nxd5 Rxd5 38. Ra1 Bc3 39. Rb1 Rd1+ 40. Kg2 d5 0-1

[Event "Sitges Sunway op 9th"]
[Site "Sitges"]
[Date "2022.12.21"]
[Round "9"]
[White "Kholopov, Alexander A"]
[Black "Sattarov, Bobir"]
[Result "0-1"]
[WhiteElo "2146"]
[BlackElo "2389"]
[PlyCount "61"]
[EventDate "2022.12.12"]
[EventType "swiss"]
[EventRounds "10"]
[EventCountry "ESP"]
[SourceTitle "CBM 211 Extra"]
[Source "ChessBase"]
[SourceDate "2023.01.31"]
[SourceVersion "1"]
[SourceVersionDate "2023.01.31"]
[SourceQuality "1"]

1. d4 Nf6 2. c4 g6 3. Nc3 Bg7 4. e4 d6 5. Be2 0-0 6. Be3 Nc6 7. Nf3 Ng4 8. Bg5 h6 9. Bh4 g5 10. Bg3 Nf6 11. d5 Nb4 12. Nd2 c6 13. h4 g4 14. Bf4 e6 15. a3 Na6 16. Rc1 Nh5 17. Bh2 f5 18. dxe6 Bxe6 19. exf5 Bxf5 20. Bxg4 Qxh4 21. Bxh5 Bg6 22. Bf3 Rae8+ 23. Kf1 Bd4 24. Nde4 c5 25. g3 Qh3+ 26. Bg2 Bxe4 27. Nxe4 Rxe4 28. Bg1 Qxg3 29. Rc2 Ref4 30. Bd5+ Kh7 31. Rh2 0-1

[Event "Sitges Sunway op 9th"]
[Site "Sitges"]
[Date "2022.12.15"]
[Round "4"]
[White "Sarkar, Justin"]
[Black "Kholopov, Alexander A"]
[Result "1-0"]
[WhiteElo "2343"]
[BlackElo "2146"]
[PlyCount "73"]
[EventDate "2022.12.12"]
[EventType "swiss"]
[EventRounds "10"]
[EventCountry "ESP"]
[SourceTitle "CBM 211 Extra"]
[Source "ChessBase"]
[SourceDate "2023.01.31"]
[SourceVersion "1"]
[SourceVersionDate "2023.01.31"]
[SourceQuality "1"]

1. e4 d6 2. d4 Nf6 3. Nc3 e5 4. Nf3 Nbd7 5. a4 Be7 6. Bc4 0-0 7. 0-0 c6 8. h3 b6 9. Qe2 a6 10. Rd1 Qc7 11. Nh4 exd4 12. Nf5 Ne5 13. Nxe7+ Qxe7 14. Rxd4 h6 15. Ba2 Bb7 16. Bf4 Rfd8 17. Rad1 Rd7 18. Bg3 Rad8 19. f4 Ng6 20. R4d3 b5 21. e5 dxe5 22. f5 Rxd3 23. Rxd3 Rxd3 24. cxd3 Nf8 25. Qxe5 Qd7 26. Ne4 Nxe4 27. dxe4 c5 28. axb5 axb5 29. Bd5 Bxd5 30. exd5 f6 31. Qe4 Kf7 32. d6 c4 33. Qd5+ Ke8 34. Bf2 g6 35. g4 h5 36. fxg6 Nxg6 37. Qxh5 1-0

[Event "Sitges Sunway op 9th"]
[Site "Sitges"]
[Date "2022.12.12"]
[Round "1"]
[White "Kholopov, Alexander A"]
[Black "Durarbayli, Vasif"]
[Result "0-1"]
[WhiteElo "2146"]
[BlackElo "2612"]
[PlyCount "68"]
[EventDate "2022.12.12"]
[EventType "swiss"]
[EventRounds "10"]
[EventCountry "ESP"]
[SourceTitle "CBM 211 Extra"]
[Source "ChessBase"]
[SourceDate "2023.01.31"]
[SourceVersion "1"]
[SourceVersionDate "2023.01.31"]
[SourceQuality "1"]

1. d4 Nf6 2. c4 e6 3. Nc3 Bb4 4. Qc2 0-0 5. e4 d5 6. e5 Ne4 7. Bd3 c5 8. a3 Bxc3+ 9. bxc3 cxd4 10. cxd4 Qa5+ 11. Kf1 f6 12. Bxe4 dxe4 13. exf6 Rxf6 14. Ne2 Nc6 15. Be3 Qa6 16. Kg1 Bd7 17. Ng3 Rg6 18. Nxe4 Na5 19. Rc1 Rc8 20. c5 Bc6 21. h4 Rg4 22. Ng3 Bd5 23. Rh3 Nc4 24. Qe2 h5 25. f3 Qxa3 26. fxg4 Nxe3 27. Re1 Nxg2 28. Rf1 Nxh4 29. gxh5 Rf8 30. Rxf8+ Kxf8 31. Qf1+ Nf3+ 32. Kf2 Ng5 33. Rh4 Qf3+ 34. Kg1 Ke7 0-1

[Event "Urals-ch"]
[Site "Cheliabinsk"]
[Date "2022.03.19"]
[Round "4"]
[White "Kholopov, Alexander A"]
[Black "Koshulyan, Egor A"]
[Result "1/2-1/2"]
[WhiteElo "2241"]
[BlackElo "2002"]
[PlyCount "40"]
[EventDate "2022.03.16"]
[EventType "swiss"]
[EventRounds "9"]
[EventCountry "RUS"]
[SourceTitle "CBM 207 Extra"]
[Source "ChessBase"]
[SourceDate "2022.05.31"]
[SourceVersion "1"]
[SourceVersionDate "2022.05.31"]
[SourceQuality "1"]

1. Nf3 d5 2. b3 Nf6 3. Bb2 e6 4. e3 Be7 5. Be2 0-0 6. 0-0 c5 7. c4 Nc6 8. cxd5 Nxd5 9. a3 b6 10. d3 Bf6 11. Qc2 Bb7 12. Nbd2 Bxb2 13. Qxb2 Qf6 14. Qxf6 Nxf6 15. Rfc1 Rfd8 16. Rab1 Nd5 17. h3 Rac8 18. Rc2 Kf8 19. Nc4 Ke7 20. Rbc1 Rc7 1/2-1/2

[Event "Urals-ch"]
[Site "Cheliabinsk"]
[Date "2022.03.18"]
[Round "3"]
[White "Iljiushenok, Ilia"]
[Black "Kholopov, Alexander A"]
[Result "1-0"]
[WhiteElo "2539"]
[BlackElo "2241"]
[PlyCount "45"]
[EventDate "2022.03.16"]
[EventType "swiss"]
[EventRounds "9"]
[EventCountry "RUS"]
[SourceTitle "CBM 207 Extra"]
[Source "ChessBase"]
[SourceDate "2022.05.31"]
[SourceVersion "1"]
[SourceVersionDate "2022.05.31"]
[SourceQuality "1"]

1. e4 e5 2. Nf3 Nf6 3. Nxe5 Nxe4 4. d4 d6 5. Nf3 Be7 6. Bd3 d5 7. 0-0 Bf5 8. Re1 0-0 9. Nbd2 Nd6 10. Nf1 Nd7 11. Bf4 Bg6 12. Ng3 Re8 13. b3 Nb6 14. Qd2 Bf8 15. Bxg6 hxg6 16. Qd3 Rxe1+ 17. Rxe1 Ne8 18. h4 Bd6 19. Be5 Qd7 20. h5 gxh5 21. Nf5 g6 22. Nh6+ Kh7 23. Nxf7 1-0

[Event "Cheliabinsk Variation-A"]
[Site "Cheliabinsk"]
[Date "2021.03.24"]
[Round "2"]
[White "Kholopov, Alexander A"]
[Black "Petrukhina, Olga"]
[Result "0-1"]
[WhiteElo "2281"]
[BlackElo "2080"]
[PlyCount "66"]
[EventDate "2021.03.23"]
[EventType "swiss"]
[EventRounds "10"]
[EventCountry "RUS"]
[SourceTitle "CBM 202 Extra"]
[Source "ChessBase"]
[SourceDate "2021.07.31"]
[SourceVersion "1"]
[SourceVersionDate "2021.07.31"]
[SourceQuality "1"]

1. d4 e6 2. c4 Nf6 3. Nc3 Bb4 4. Qc2 0-0 5. a3 Bxc3+ 6. Qxc3 b6 7. Bg5 c5 8. dxc5 bxc5 9. e3 d6 10. Bd3 Bb7 11. Ne2 h6 12. Bh4 Nbd7 13. 0-0 a5 14. f3 Ra6 15. Rfd1 Qa8 16. Qc2 Ne5 17. Bxf6 gxf6 18. Ng3 Kh8 19. Be4 Rg8 20. Bxb7 Qxb7 21. Rd2 Rb6 22. f4 Ng4 23. Nf1 Rb3 24. Re1 f5 25. Ree2 Rb8 26. Rxd6 Rxb2 27. Qc3+ Kh7 28. Rdd2 Rb3 29. Qxa5 Nf6 30. Rd8 Rxd8 31. Qxd8 Ne4 32. Qf8 Rxa3 33. h3 Ra8 0-1

[Event "Sitges Sunway op 6th"]
[Site "Sitges"]
[Date "2019.12.13"]
[Round "1"]
[White "Melkumyan, Hrant"]
[Black "Kholopov, Alexander A"]
[Result "1/2-1/2"]
[WhiteElo "2668"]
[BlackElo "2253"]
[PlyCount "90"]
[EventDate "2019.12.13"]
[EventType "swiss"]
[EventRounds "10"]
[EventCountry "ESP"]
[SourceTitle "CBM 193 Extra"]
[Source "ChessBase"]
[SourceDate "2020.01.31"]
[SourceVersion "1"]
[SourceVersionDate "2020.01.31"]
[SourceQuality "1"]

1. e4 c5 2. Nf3 Nf6 3. e5 Nd5 4. Nc3 e6 5. Nxd5 exd5 6. d4 Nc6 7. dxc5 Bxc5 8. Qxd5 d6 9. Bc4 0-0 10. 0-0 Be6 11. Qd3 Nxe5 12. Nxe5 dxe5 13. Qxd8 Raxd8 14. Bxe6 fxe6 15. Bg5 Rd7 16. Rae1 Rf5 17. Bc1 h5 18. Re2 Rdf7 19. Be3 Bxe3 20. Rxe3 Rd7 21. Rfe1 Kf7 22. g3 Kf6 23. Kg2 g5 24. R1e2 g4 25. Re4 Rd4 26. c3 Rd5 27. a4 a6 28. h3 Rg5 29. Rc4 Rg7 30. h4 Rgd7 31. Rc8 Rd2 32. Rxd2 Rxd2 33. b4 e4 34. Kf1 Kf5 35. Rc4 b5 36. Ke1 Rc2 37. axb5 axb5 38. Rc5+ e5 39. Rxb5 Rxc3 40. Kd2 Rd3+ 41. Ke2 Rb3 42. Rc5 Rxb4 43. Rc3 Ra4 44. Rb3 Ra1 45. Rc3 Rb1 1/2-1/2

[Event "Moscow op-A 15th"]
[Site "Moscow"]
[Date "2019.02.01"]
[Round "7"]
[White "Gochelashvili, David"]
[Black "Kholopov, Alexander A"]
[Result "1/2-1/2"]
[WhiteElo "2419"]
[BlackElo "2211"]
[PlyCount "59"]
[EventDate "2019.01.26"]
[EventType "swiss"]
[EventRounds "9"]
[EventCountry "RUS"]
[SourceTitle "CBM 188 Extra"]
[Source "ChessBase"]
[SourceDate "2019.02.28"]
[SourceVersion "1"]
[SourceVersionDate "2019.02.28"]
[SourceQuality "1"]

1. e4 c5 2. Nf3 Nf6 3. e5 Nd5 4. c3 Nc6 5. d4 cxd4 6. cxd4 d6 7. Bc4 dxe5 8. Bxd5 Qxd5 9. Nc3 Qd6 10. d5 Nd4 11. Nxd4 exd4 12. Qxd4 e5 13. Qd3 Bd7 14. 0-0 Be7 15. f4 0-0 16. f5 Qb4 17. Be3 Rfc8 18. d6 Bf8 19. f6 Qxb2 20. Rac1 Bc6 21. Rc2 Qa3 22. fxg7 Bxg7 23. Rxf7 Rf8 24. Rc7 Rad8 25. Qc4+ Kh8 26. Bc5 Qa5 27. Bb4 Qb6+ 28. Bc5 Qa5 29. Bb4 Qb6+ 30. Bc5 1/2-1/2

[Event "Moscow op-A 15th"]
[Site "Moscow"]
[Date "2019.01.31"]
[Round "6"]
[White "Kholopov, Alexander A"]
[Black "Damjanovic, Vuk"]
[Result "1/2-1/2"]
[WhiteElo "2211"]
[BlackElo "2069"]
[PlyCount "126"]
[EventDate "2019.01.26"]
[EventType "swiss"]
[EventRounds "9"]
[EventCountry "RUS"]
[SourceTitle "CBM 188 Extra"]
[Source "ChessBase"]
[SourceDate "2019.02.28"]
[SourceVersion "1"]
[SourceVersionDate "2019.02.28"]
[SourceQuality "1"]

1. d4 d5 2. c4 e6 3. Nc3 f5 4. Nf3 c6 5. g3 Nf6 6. Bg2 Be7 7. 0-0 0-0 8. Qc2 Qe8 9. Rb1 Qh5 10. b4 Nbd7 11. b5 Nb6 12. c5 Nc4 13. bxc6 bxc6 14. Qa4 Qe8 15. Nd2 Nxd2 16. Bxd2 Ne4 17. Nxe4 fxe4 18. Bf4 Bf6 19. Bd6 Rf7 20. f3 exf3 21. exf3 Rb7 22. Rxb7 Bxb7 23. Re1 Bc8 24. Be5 Bxe5 25. Rxe5 Bd7 26. Re3 Qc8 27. Rb3 Qc7 28. Qb4 Bc8 29. f4 g6 30. h4 Ba6 31. Bh3 Kf7 32. Re3 Re8 33. Qe1 Qd7 34. h5 Bc8 35. Bf1 Qd8 36. Bd3 Qf6 37. Re5 Rg8 38. Qe3 Bd7 39. Kf2 Rb8 40. Qd2 Be8 41. hxg6+ hxg6 42. Kf3 Kf8 43. Ke3 Bf7 44. Qa5 Qe7 45. Qa4 Qb7 46. Kf3 Kg7 47. Re2 g5 48. Rh2 gxf4 49. Rh7+ Kf6 50. Qd1 Rg8 51. Qe1 fxg3 52. Qe5+ Ke7 53. Qd6+ Ke8 54. Ba6 Bh5+ 55. Ke3 Qxh7 56. Qb8+ Ke7 57. Qxa7+ Kf8 58. Qxh7 g2 59. Qxg8+ Kxg8 60. Kf2 Bd1 61. Kxg2 Kf7 62. Kg3 Kf6 63. Kf4 Bc2 1/2-1/2

[Event "Cheliabinsk Lozovatsky Memorial-B"]
[Site "Cheliabinsk"]
[Date "2019.01.20"]
[Round "9"]
[White "Kholopov, Alexander A"]
[Black "Dauletova, Gulmira"]
[Result "1/2-1/2"]
[WhiteElo "2211"]
[BlackElo "2240"]
[PlyCount "190"]
[EventDate "2019.01.12"]
[EventType "tourn"]
[EventRounds "9"]
[EventCountry "RUS"]
[EventCategory "4"]
[SourceTitle "CBM 188 Extra"]
[Source "ChessBase"]
[SourceDate "2019.02.28"]
[SourceVersion "1"]
[SourceVersionDate "2019.02.28"]
[SourceQuality "1"]

1. d4 Nf6 2. c4 e6 3. Nc3 Bb4 4. Qc2 0-0 5. a3 Bxc3+ 6. Qxc3 d5 7. Bg5 c5 8. cxd5 cxd4 9. Qxd4 Nc6 10. Qh4 exd5 11. Bxf6 gxf6 12. e3 d4 13. Bd3 Bf5 14. Bxf5 Qa5+ 15. b4 Qxf5 16. Nf3 dxe3 17. fxe3 Rfe8 18. 0-0 Rxe3 19. Nd4 Qg5 20. Nf5 Qxh4 21. Nxh4 Re6 22. Rad1 Rd8 23. b5 Nd4 24. Nf5 Re4 25. h3 Rd5 26. g4 h5 27. Ng3 Ne2+ 28. Nxe2 Rxd1 29. Rxd1 Rxe2 30. Rd7 Ra2 31. Rxb7 Rxa3 32. Kg2 hxg4 33. hxg4 Kg7 34. Rc7 Ra5 35. Rb7 Kg6 36. Kf3 Ra4 37. b6 Ra3+ 38. Kf4 Ra4+ 39. Kf3 axb6 40. Rxb6 Ra5 41. Kf4 Rd5 42. Ra6 Rd4+ 43. Kf3 Rd1 44. Ra5 Re1 45. Kf4 Rf1+ 46. Kg3 f5 47. gxf5+ Rxf5 48. Ra6+ f6 49. Rb6 Ra5 50. Rc6 Kg5 51. Kf3 Ra3+ 52. Kf2 f5 53. Rc4 Rd3 54. Ra4 Rb3 55. Rc4 Kf6 56. Ra4 Rh3 57. Kg2 Rh8 58. Ra6+ Ke5 59. Ra5+ Kf6 60. Ra6+ Kg5 61. Ra4 f4 62. Ra7 Rb8 63. Rg7+ Kf6 64. Ra7 Ke5 65. Re7+ Kf5 66. Rf7+ Kg5 67. Rg7+ Kf6 68. Ra7 Rb3 69. Ra5 Re3 70. Kf2 Rh3 71. Rb5 Ke6 72. Ra5 Rd3 73. Rb5 Re3 74. Ra5 Re5 75. Rxe5+ Kxe5 76. Kf3 Kf5 77. Kf2 Ke4 78. Ke2 Kd4 79. Kf3 Ke5 80. Kf2 Kf6 81. Kf3 Kf5 82. Kf2 Kg4 83. Kg2 f3+ 84. Kf2 Kf4 85. Kf1 Ke3 86. Ke1 Kd3 87. Kf2 Ke4 88. Kf1 Kf5 89. Kf2 Kg4 90. Kf1 Kg3 91. Kg1 Kg4 92. Kf2 Kf4 93. Kf1 Ke3 94. Ke1 f2+ 95. Kf1 Kf3 1/2-1/2

[Event "Cheliabinsk Lozovatsky Memorial-B"]
[Site "Cheliabinsk"]
[Date "2019.01.16"]
[Round "5"]
[White "Mischuk, Dmitry"]
[Black "Kholopov, Alexander A"]
[Result "1/2-1/2"]
[WhiteElo "2357"]
[BlackElo "2211"]
[PlyCount "92"]
[EventDate "2019.01.12"]
[EventType "tourn"]
[EventRounds "9"]
[EventCountry "RUS"]
[EventCategory "4"]
[SourceTitle "CBM 188 Extra"]
[Source "ChessBase"]
[SourceDate "2019.02.28"]
[SourceVersion "1"]
[SourceVersionDate "2019.02.28"]
[SourceQuality "1"]

1. e4 c5 2. Nf3 Nc6 3. Bb5 Qb6 4. Nc3 e6 5. Bxc6 Qxc6 6. d4 b5 7. d5 Qb7 8. Bg5 b4 9. Ne2 d6 10. 0-0 h6 11. Bh4 exd5 12. exd5 Be7 13. Bxe7 Nxe7 14. c4 bxc3 15. Nxc3 0-0 16. b3 Qb4 17. Rc1 Bf5 18. Nd2 Qd4 19. Nc4 Rfd8 20. Re1 Qxd1 21. Rcxd1 Kf8 22. f3 Rab8 23. Kf2 h5 24. Rd2 Nc8 25. g3 Re8 26. Rxe8+ Kxe8 27. Ke3 Kd7 28. Kf4 Bg6 29. g4 Rb4 30. gxh5 Bxh5 31. Kg5 Bg6 32. f4 Nb6 33. Nxb6+ axb6 34. Rf2 Bd3 35. f5 Rd4 36. f6 gxf6+ 37. Kxf6 b5 38. a3 b4 39. axb4 cxb4 40. Na4 Bg6 41. Rf1 Kd8 42. Rc1 Rxd5 43. Rc8+ Kxc8 44. Nb6+ Kd8 45. Nxd5 Bc2 46. Nxb4 Bxb3 1/2-1/2

[Event "Sitges Sunway op-A 5th"]
[Site "Sitges"]
[Date "2018.12.20"]
[Round "7"]
[White "Sanchez Lopez, Juan Manuel"]
[Black "Kholopov, Alexander A"]
[Result "0-1"]
[WhiteElo "2065"]
[BlackElo "2210"]
[PlyCount "80"]
[EventDate "2018.12.14"]
[EventType "swiss"]
[EventRounds "10"]
[EventCountry "ESP"]
[SourceTitle "CBM 187 Extra"]
[Source "ChessBase"]
[SourceDate "2018.11.04"]
[SourceVersion "1"]
[SourceVersionDate "2018.11.04"]
[SourceQuality "1"]

1. c4 e6 2. e4 c5 3. Nc3 Nc6 4. g3 Nf6 5. Bg2 d5 6. cxd5 exd5 7. Nge2 d4 8. Nd5 Nxd5 9. exd5 Nb4 10. 0-0 Nxd5 11. Qb3 Nb6 12. Nf4 Be7 13. a4 Rb8 14. a5 Nd7 15. Nd5 0-0 16. Nxe7+ Qxe7 17. d3 Ne5 18. Bf4 g5 19. Bxg5 Qxg5 20. f4 Be6 21. Qc2 Qh5 22. fxe5 Qxe5 23. Rae1 Qg5 24. Rf4 b6 25. Rfe4 Qg6 26. Re5 Rbe8 27. Qd2 h6 28. Qf4 Kg7 29. Qh4 Bd7 30. Rxe8 Rxe8 31. Rxe8 Bxe8 32. Be4 Qg5 33. Qh3 Qc1+ 34. Kg2 Qxb2+ 35. Kf3 Qc1 36. Qc8 Qf1+ 37. Kg4 Ba4 38. axb6 Bd1+ 39. Kh4 axb6 40. Bf5 Qf3 0-1

[Event "Riga Tech op 8th"]
[Site "Riga"]
[Date "2018.08.12"]
[Round "9"]
[White "Kholopov, Alexander A"]
[Black "Krivonosov, Oleg"]
[Result "0-1"]
[WhiteElo "2220"]
[BlackElo "2386"]
[PlyCount "98"]
[EventDate "2018.08.06"]
[EventType "swiss"]
[EventRounds "9"]
[EventCountry "LAT"]
[SourceTitle "CBM 185 Extra"]
[Source "ChessBase"]
[SourceDate "2018.07.29"]
[SourceVersion "1"]
[SourceVersionDate "2018.07.29"]
[SourceQuality "1"]

1. d4 d5 2. c4 e6 3. Nc3 Be7 4. cxd5 exd5 5. Bf4 c6 6. e3 Bd6 7. Bxd6 Qxd6 8. Bd3 Ne7 9. Qc2 b6 10. Nf3 Ba6 11. Bxa6 Nxa6 12. 0-0 0-0 13. Rfc1 Rfc8 14. a3 Nc7 15. b4 h6 16. h3 Ne6 17. Na4 Rc7 18. Qb2 Rac8 19. Rc2 Ng5 20. Nxg5 hxg5 21. Rac1 Qd7 22. Qb3 Nf5 23. Nb2 Nd6 24. a4 Qe6 25. Qd3 Ne4 26. Qe2 Qe7 27. Nd3 f6 28. Qg4 Nd6 29. Nb2 Qf7 30. h4 gxh4 31. Qxh4 Qe6 32. Qh5 Qe8 33. Qxe8+ Nxe8 34. Nd3 Kf7 35. Kf1 g5 36. Ke2 Ke6 37. g4 Nd6 38. Rh1 Ne4 39. Rh6 c5 40. bxc5 bxc5 41. f3 c4 42. Nf4+ gxf4 43. fxe4 fxe3 44. e5 Rf7 45. Kxe3 Rg8 46. Kf4 Ke7 47. exf6+ Rxf6+ 48. Rxf6 Kxf6 49. Rc3 Re8 0-1

[Event "Cheliabinsk Lozovatsky Memorial-B"]
[Site "Cheliabinsk"]
[Date "2018.01.15"]
[Round "7"]
[White "Mischuk, Dmitry"]
[Black "Kholopov, Alexander A"]
[Result "1-0"]
[WhiteElo "2382"]
[BlackElo "2305"]
[PlyCount "63"]
[EventDate "2018.01.09"]
[EventType "tourn"]
[EventRounds "9"]
[EventCountry "RUS"]
[EventCategory "3"]
[SourceTitle "CBM 182 Extra"]
[Source "ChessBase"]
[SourceDate "2018.02.23"]
[SourceVersion "1"]
[SourceVersionDate "2018.02.23"]
[SourceQuality "1"]

1. e4 d6 2. d4 Nf6 3. Nc3 e5 4. Nge2 Be7 5. g3 0-0 6. Bg2 c6 7. a4 Nbd7 8. 0-0 Re8 9. h3 Bf8 10. d5 h6 11. Be3 c5 12. a5 g6 13. Qd2 Kh7 14. Kh2 Rb8 15. Nb5 a6 16. Na7 Ng8 17. b4 Qc7 18. b5 axb5 19. Nxb5 Qd8 20. Na7 h5 21. Rfb1 Ra8 22. Nxc8 Qxc8 23. Nc3 Bh6 24. Bxh6 Nxh6 25. Bf1 h4 26. Bb5 Rh8 27. g4 f5 28. exf5 gxf5 29. gxf5 Nf6 30. Qg5 Qxf5 31. Bd3 e4 32. Rxb7+ 1-0

[Event "Cheliabinsk Lozovatsky Memorial-B"]
[Site "Cheliabinsk"]
[Date "2018.01.10"]
[Round "2"]
[White "Kholopov, Alexander A"]
[Black "Radzhabov, Rodion"]
[Result "1/2-1/2"]
[WhiteElo "2305"]
[BlackElo "2314"]
[PlyCount "47"]
[EventDate "2018.01.09"]
[EventType "tourn"]
[EventRounds "9"]
[EventCountry "RUS"]
[EventCategory "3"]
[SourceTitle "CBM 182 Extra"]
[Source "ChessBase"]
[SourceDate "2018.02.23"]
[SourceVersion "1"]
[SourceVersionDate "2018.02.23"]
[SourceQuality "1"]

1. d4 Nf6 2. Nf3 e6 3. Bf4 b6 4. e3 Bb7 5. h3 c5 6. Be2 Be7 7. 0-0 0-0 8. Nbd2 Nc6 9. c3 d5 10. a3 Bd6 11. Bxd6 Qxd6 12. b4 cxd4 13. cxd4 Rac8 14. Qa4 Rc7 15. Rfc1 Rfc8 16. Rc2 Ne7 17. Rac1 Rxc2 18. Rxc2 Rxc2 19. Qxc2 Qc6 20. Qxc6 Nxc6 21. b5 Na5 22. Bd3 Kf8 23. Ne5 Ne8 24. h4 1/2-1/2